000 00811nam a2200217Ia 4500
005 20240530102057.0
008 140319s1991 xx 000 0 ara d
040 _aGCL /
_cGCL
082 0 4 _a412 /
_bس ك
100 1 _aابى حاتم السجستانى
245 1 0 _aكتاب الاضداد /
_cتاليف ابى حاتم السجستانى ؛ محقق محمد عبدالقادر احمد عطا
260 _aالقاهرة :
_bمكتبة النهضة المصرية ،
_c1991
300 _a300 ص ؛
_b24 سم
650 0 4 _aالاشتقاق
650 0 4 _aاللغة العربية
650 0 4 _aالفاظ
650 0 4 _aالمترادفات والاضداد
700 _aمحمد عبدالقادر احمد
_eمحقق
942 _2ddc
_cBK
999 _c29644
_d29644